00465nam a22001577a 4500020001800000041000800018082001600026100002200042245005100064260002300115300000800138650002700146942000700173952011000180999001700290 a9788184654523 aENG a248.22bRED aRedfern, Alastair aLiving in love : mysticism in a material world aDelhibISPCKc2014 a144 aMissionsaBible.--John cBK 00104070aHMIbHMIcGENd2020-06-05eISPCKg175.00l0o248.22 REDp11004332r2026-01-16w2026-01-16yBK c22927d22927